<?xml version="1.0" encoding="UTF-8"?>
<record
    xmlns:xsi="http://www.w3.org/2001/XMLSchema-instance"
    xsi:schemaLocation="http://www.loc.gov/MARC21/slim http://www.loc.gov/standards/marcxml/schema/MARC21slim.xsd"
    xmlns="http://www.loc.gov/MARC21/slim">

  <leader>01766 am a2200493 a 4500</leader>
  <controlfield tag="005">20240530124047.0</controlfield>
  <controlfield tag="008">110329s2009||||sp a   f |||| 001 0 spa d</controlfield>
  <datafield tag="020" ind1=" " ind2=" ">
    <subfield code="a">9788498351507</subfield>
  </datafield>
  <datafield tag="041" ind1=" " ind2=" ">
    <subfield code="a">spa</subfield>
  </datafield>
  <datafield tag="092" ind1=" " ind2=" ">
    <subfield code="c">616.0757</subfield>
    <subfield code="l">53</subfield>
    <subfield code="s">M&#xD6;L</subfield>
  </datafield>
  <datafield tag="100" ind1="1" ind2=" ">
    <subfield code="a">M&#xF6;ller, Torsten B.</subfield>
    <subfield code="9">2</subfield>
  </datafield>
  <datafield tag="245" ind1=" " ind2=" ">
    <subfield code="a">Atlas de Bolsillo de Cortes Anat&#xF3;micos. Tomograf&#xED;a Computarizada y Resonancia Magn&#xE9;tica. </subfield>
    <subfield code="b">T.3 Columna Vertebral, Extremidades y Articulaciones /</subfield>
    <subfield code="c">Torsten B. M&#xF6;ller</subfield>
  </datafield>
  <datafield tag="250" ind1=" " ind2=" ">
    <subfield code="a">3a ed. 1a reimp. revisada y actualizada</subfield>
  </datafield>
  <datafield tag="260" ind1=" " ind2=" ">
    <subfield code="a">Madrid: </subfield>
    <subfield code="b">Editorial M&#xE9;dica Panamericana;</subfield>
    <subfield code="c">2009.</subfield>
  </datafield>
  <datafield tag="300" ind1=" " ind2=" ">
    <subfield code="a">334 p.</subfield>
    <subfield code="b">485 illustraciones</subfield>
  </datafield>
  <datafield tag="500" ind1=" " ind2=" ">
    <subfield code="a">M&#xF6;ller, T. B. y Reif, E. (2007). Atlas de bolsillo de cortes anat&#xF3;micos. Tomograf&#xED;a computarizada y resonancia magn&#xE9;tica. T.3 Columna vertebral - Extremidades y Articulaciones. (3a ed.). Madrid : Editorial M&#xE9;dica Panamericana.</subfield>
  </datafield>
  <datafield tag="590" ind1=" " ind2=" ">
    <subfield code="a">Compra FACIMED 2011</subfield>
  </datafield>
  <datafield tag="653" ind1=" " ind2=" ">
    <subfield code="a">Brazo: Axial</subfield>
  </datafield>
  <datafield tag="653" ind1=" " ind2=" ">
    <subfield code="a">Hombro: Coronal</subfield>
  </datafield>
  <datafield tag="653" ind1=" " ind2=" ">
    <subfield code="a">Hombro: Sagital</subfield>
  </datafield>
  <datafield tag="653" ind1=" " ind2=" ">
    <subfield code="a">Codo: Coronal</subfield>
  </datafield>
  <datafield tag="653" ind1=" " ind2=" ">
    <subfield code="a">Codo: Sagital</subfield>
  </datafield>
  <datafield tag="653" ind1=" " ind2=" ">
    <subfield code="a">Mano: Coronal</subfield>
  </datafield>
  <datafield tag="653" ind1=" " ind2=" ">
    <subfield code="a">Mano: Sagital</subfield>
  </datafield>
  <datafield tag="653" ind1=" " ind2=" ">
    <subfield code="a">Pierna: Axial</subfield>
  </datafield>
  <datafield tag="653" ind1=" " ind2=" ">
    <subfield code="a">Cadera: Coronal</subfield>
  </datafield>
  <datafield tag="653" ind1=" " ind2=" ">
    <subfield code="a">Cadera: Sagital</subfield>
  </datafield>
  <datafield tag="653" ind1=" " ind2=" ">
    <subfield code="a">Rodilla: Coronal</subfield>
  </datafield>
  <datafield tag="653" ind1=" " ind2=" ">
    <subfield code="a">Rodilla: Sagital</subfield>
  </datafield>
  <datafield tag="653" ind1=" " ind2=" ">
    <subfield code="a">Pie: Coronal</subfield>
  </datafield>
  <datafield tag="653" ind1=" " ind2=" ">
    <subfield code="a">Pie: Sagital</subfield>
  </datafield>
  <datafield tag="653" ind1=" " ind2=" ">
    <subfield code="a">Columna vertebral: Sagital</subfield>
  </datafield>
  <datafield tag="653" ind1=" " ind2=" ">
    <subfield code="a">Columna cervical: Sagital</subfield>
  </datafield>
  <datafield tag="653" ind1=" " ind2=" ">
    <subfield code="a">Columna cervical: Coronal</subfield>
  </datafield>
  <datafield tag="653" ind1=" " ind2=" ">
    <subfield code="a">Columna cervical: Axial</subfield>
  </datafield>
  <datafield tag="653" ind1=" " ind2=" ">
    <subfield code="a">Columna tor&#xE1;cica: Sagital</subfield>
  </datafield>
  <datafield tag="653" ind1=" " ind2=" ">
    <subfield code="a">Columna tor&#xE1;cica: Axial</subfield>
  </datafield>
  <datafield tag="653" ind1=" " ind2=" ">
    <subfield code="a">Columna lumbar: Sagital</subfield>
  </datafield>
  <datafield tag="653" ind1=" " ind2=" ">
    <subfield code="a">Columna lumbar: Coronal</subfield>
  </datafield>
  <datafield tag="653" ind1=" " ind2=" ">
    <subfield code="a">Columna lumbar: Axial</subfield>
  </datafield>
  <datafield tag="700" ind1="1" ind2=" ">
    <subfield code="a">Reif, Emil.</subfield>
    <subfield code="9">3</subfield>
  </datafield>
  <datafield tag="930" ind1=" " ind2=" ">
    <subfield code="a">2370</subfield>
  </datafield>
  <datafield tag="942" ind1=" " ind2=" ">
    <subfield code="2">ddc</subfield>
    <subfield code="c">BK</subfield>
  </datafield>
  <datafield tag="999" ind1=" " ind2=" ">
    <subfield code="c">811</subfield>
    <subfield code="d">811</subfield>
  </datafield>
  <datafield tag="952" ind1=" " ind2=" ">
    <subfield code="0">0</subfield>
    <subfield code="1">0</subfield>
    <subfield code="2">ddc</subfield>
    <subfield code="4">0</subfield>
    <subfield code="7">0</subfield>
    <subfield code="8">REF</subfield>
    <subfield code="a">BFM</subfield>
    <subfield code="b">BFM</subfield>
    <subfield code="c">REF</subfield>
    <subfield code="d">2011-05-13</subfield>
    <subfield code="l">13</subfield>
    <subfield code="o">616.0757 53 MOL</subfield>
    <subfield code="p">2210</subfield>
    <subfield code="r">2024-04-29</subfield>
    <subfield code="s">2024-04-26</subfield>
    <subfield code="t">ej.1</subfield>
    <subfield code="w">2011-05-13</subfield>
    <subfield code="y">REF</subfield>
    <subfield code="z">LIBRO DE CONSULTA</subfield>
  </datafield>
  <datafield tag="952" ind1=" " ind2=" ">
    <subfield code="0">0</subfield>
    <subfield code="1">0</subfield>
    <subfield code="2">ddc</subfield>
    <subfield code="4">0</subfield>
    <subfield code="7">0</subfield>
    <subfield code="a">BFM</subfield>
    <subfield code="b">BFM</subfield>
    <subfield code="c">CR</subfield>
    <subfield code="d">2011-05-13</subfield>
    <subfield code="l">69</subfield>
    <subfield code="m">7</subfield>
    <subfield code="o">616.0757 53 MOL</subfield>
    <subfield code="p">2211</subfield>
    <subfield code="r">2025-04-22</subfield>
    <subfield code="s">2025-04-14</subfield>
    <subfield code="t">ej.2</subfield>
    <subfield code="w">2011-05-13</subfield>
    <subfield code="y">BK</subfield>
  </datafield>
  <datafield tag="952" ind1=" " ind2=" ">
    <subfield code="0">0</subfield>
    <subfield code="1">0</subfield>
    <subfield code="2">ddc</subfield>
    <subfield code="4">0</subfield>
    <subfield code="7">0</subfield>
    <subfield code="a">BFM</subfield>
    <subfield code="b">BFM</subfield>
    <subfield code="c">CR</subfield>
    <subfield code="d">2011-06-29</subfield>
    <subfield code="l">90</subfield>
    <subfield code="m">7</subfield>
    <subfield code="o">616.0757 53 MOL</subfield>
    <subfield code="p">2345</subfield>
    <subfield code="r">2026-04-27</subfield>
    <subfield code="s">2026-04-22</subfield>
    <subfield code="t">ej.3</subfield>
    <subfield code="w">2011-06-29</subfield>
    <subfield code="y">BK</subfield>
  </datafield>
  <datafield tag="952" ind1=" " ind2=" ">
    <subfield code="0">0</subfield>
    <subfield code="1">0</subfield>
    <subfield code="2">ddc</subfield>
    <subfield code="4">0</subfield>
    <subfield code="7">0</subfield>
    <subfield code="a">BFM</subfield>
    <subfield code="b">BFM</subfield>
    <subfield code="c">CR</subfield>
    <subfield code="d">2011-06-29</subfield>
    <subfield code="l">89</subfield>
    <subfield code="m">5</subfield>
    <subfield code="o">616.0757 53 MOL</subfield>
    <subfield code="p">2370</subfield>
    <subfield code="r">2026-04-29</subfield>
    <subfield code="s">2026-04-13</subfield>
    <subfield code="t">ej.4</subfield>
    <subfield code="w">2011-06-29</subfield>
    <subfield code="y">BK</subfield>
  </datafield>
  <datafield tag="952" ind1=" " ind2=" ">
    <subfield code="0">0</subfield>
    <subfield code="1">0</subfield>
    <subfield code="2">ddc</subfield>
    <subfield code="4">0</subfield>
    <subfield code="7">0</subfield>
    <subfield code="a">BFM</subfield>
    <subfield code="b">BFM</subfield>
    <subfield code="c">CR</subfield>
    <subfield code="d">2011-07-06</subfield>
    <subfield code="l">89</subfield>
    <subfield code="m">8</subfield>
    <subfield code="o">616.0757 53 MOL</subfield>
    <subfield code="p">2409</subfield>
    <subfield code="r">2026-04-28</subfield>
    <subfield code="s">2026-04-21</subfield>
    <subfield code="t">ej.5</subfield>
    <subfield code="w">2011-07-06</subfield>
    <subfield code="y">BK</subfield>
  </datafield>
  <datafield tag="952" ind1=" " ind2=" ">
    <subfield code="0">0</subfield>
    <subfield code="1">0</subfield>
    <subfield code="2">ddc</subfield>
    <subfield code="4">0</subfield>
    <subfield code="7">0</subfield>
    <subfield code="a">BFM</subfield>
    <subfield code="b">BFM</subfield>
    <subfield code="c">CR</subfield>
    <subfield code="d">2012-06-05</subfield>
    <subfield code="e">Proyecto PROMED</subfield>
    <subfield code="l">44</subfield>
    <subfield code="m">4</subfield>
    <subfield code="o">616.0757 53 MOL</subfield>
    <subfield code="p">2506</subfield>
    <subfield code="r">2025-05-05</subfield>
    <subfield code="s">2025-04-29</subfield>
    <subfield code="t">ej.6</subfield>
    <subfield code="w">2012-06-05</subfield>
    <subfield code="y">BK</subfield>
    <subfield code="z">Proyecto PROMED</subfield>
  </datafield>
  <datafield tag="952" ind1=" " ind2=" ">
    <subfield code="0">0</subfield>
    <subfield code="1">0</subfield>
    <subfield code="2">ddc</subfield>
    <subfield code="4">0</subfield>
    <subfield code="7">0</subfield>
    <subfield code="a">BFM</subfield>
    <subfield code="b">BFM</subfield>
    <subfield code="c">CR</subfield>
    <subfield code="d">2012-06-05</subfield>
    <subfield code="e">Proyecto PROMED</subfield>
    <subfield code="l">62</subfield>
    <subfield code="m">5</subfield>
    <subfield code="o">616.0757 53 MOL</subfield>
    <subfield code="p">2509</subfield>
    <subfield code="r">2025-04-29</subfield>
    <subfield code="s">2025-04-22</subfield>
    <subfield code="t">ej.7</subfield>
    <subfield code="w">2012-06-05</subfield>
    <subfield code="y">BK</subfield>
    <subfield code="z">Proyecto PROMED</subfield>
  </datafield>
  <datafield tag="952" ind1=" " ind2=" ">
    <subfield code="0">0</subfield>
    <subfield code="1">0</subfield>
    <subfield code="2">ddc</subfield>
    <subfield code="4">0</subfield>
    <subfield code="7">0</subfield>
    <subfield code="a">BFM</subfield>
    <subfield code="b">BFM</subfield>
    <subfield code="c">CR</subfield>
    <subfield code="d">2012-06-05</subfield>
    <subfield code="e">Proyecto PROMED</subfield>
    <subfield code="l">84</subfield>
    <subfield code="m">11</subfield>
    <subfield code="o">616.0757 53 MOL</subfield>
    <subfield code="p">2512</subfield>
    <subfield code="r">2026-04-24</subfield>
    <subfield code="s">2026-04-16</subfield>
    <subfield code="t">ej.8</subfield>
    <subfield code="w">2012-06-05</subfield>
    <subfield code="y">BK</subfield>
    <subfield code="z">Proyecto PROMED</subfield>
  </datafield>
  <datafield tag="952" ind1=" " ind2=" ">
    <subfield code="0">0</subfield>
    <subfield code="1">0</subfield>
    <subfield code="2">ddc</subfield>
    <subfield code="4">0</subfield>
    <subfield code="7">0</subfield>
    <subfield code="a">BFM</subfield>
    <subfield code="b">BFM</subfield>
    <subfield code="c">CR</subfield>
    <subfield code="d">2013-03-07</subfield>
    <subfield code="g">0.00</subfield>
    <subfield code="l">49</subfield>
    <subfield code="m">7</subfield>
    <subfield code="o">616.0757 53 MOL</subfield>
    <subfield code="p">2754</subfield>
    <subfield code="r">2026-05-11</subfield>
    <subfield code="s">2026-04-28</subfield>
    <subfield code="t">ej.9</subfield>
    <subfield code="w">2013-03-07</subfield>
    <subfield code="y">BK</subfield>
    <subfield code="z">COMPRA PRESUPUESTO UNC, MARZO 2013</subfield>
  </datafield>
  <datafield tag="952" ind1=" " ind2=" ">
    <subfield code="0">0</subfield>
    <subfield code="1">0</subfield>
    <subfield code="2">ddc</subfield>
    <subfield code="4">0</subfield>
    <subfield code="7">0</subfield>
    <subfield code="a">BFM</subfield>
    <subfield code="b">BFM</subfield>
    <subfield code="c">CR</subfield>
    <subfield code="d">2013-03-07</subfield>
    <subfield code="g">0.00</subfield>
    <subfield code="l">74</subfield>
    <subfield code="m">11</subfield>
    <subfield code="o">616.0757 53 MOL</subfield>
    <subfield code="p">2755</subfield>
    <subfield code="r">2026-04-29</subfield>
    <subfield code="s">2026-04-15</subfield>
    <subfield code="t">ej.10</subfield>
    <subfield code="w">2013-03-07</subfield>
    <subfield code="y">BK</subfield>
    <subfield code="z">COMPRA PRESUPUESTO UNC, MARZO 2013</subfield>
  </datafield>
  <datafield tag="952" ind1=" " ind2=" ">
    <subfield code="0">0</subfield>
    <subfield code="1">0</subfield>
    <subfield code="2">ddc</subfield>
    <subfield code="4">0</subfield>
    <subfield code="7">0</subfield>
    <subfield code="a">BFM</subfield>
    <subfield code="b">BFM</subfield>
    <subfield code="c">CR</subfield>
    <subfield code="d">2013-03-07</subfield>
    <subfield code="g">0.00</subfield>
    <subfield code="l">68</subfield>
    <subfield code="m">7</subfield>
    <subfield code="o">616.0757 53 MOL</subfield>
    <subfield code="p">2756</subfield>
    <subfield code="r">2025-04-29</subfield>
    <subfield code="s">2025-04-11</subfield>
    <subfield code="t">ej.11</subfield>
    <subfield code="w">2013-03-07</subfield>
    <subfield code="y">BK</subfield>
    <subfield code="z">COMPRA PRESUPUESTO UNC, MARZO 2013</subfield>
  </datafield>
  <datafield tag="952" ind1=" " ind2=" ">
    <subfield code="0">0</subfield>
    <subfield code="1">0</subfield>
    <subfield code="2">ddc</subfield>
    <subfield code="4">0</subfield>
    <subfield code="7">0</subfield>
    <subfield code="a">BFM</subfield>
    <subfield code="b">BFM</subfield>
    <subfield code="c">CR</subfield>
    <subfield code="d">2013-03-07</subfield>
    <subfield code="g">0.00</subfield>
    <subfield code="l">53</subfield>
    <subfield code="m">4</subfield>
    <subfield code="o">616.0757 53 MOL</subfield>
    <subfield code="p">2757</subfield>
    <subfield code="r">2026-04-27</subfield>
    <subfield code="s">2026-04-07</subfield>
    <subfield code="t">ej.12</subfield>
    <subfield code="w">2013-03-07</subfield>
    <subfield code="y">BK</subfield>
    <subfield code="z">COMPRA PRESUESTO UNC, MARZO 2013</subfield>
  </datafield>
  <datafield tag="952" ind1=" " ind2=" ">
    <subfield code="0">0</subfield>
    <subfield code="1">0</subfield>
    <subfield code="2">ddc</subfield>
    <subfield code="4">0</subfield>
    <subfield code="7">0</subfield>
    <subfield code="a">BFM</subfield>
    <subfield code="b">BFM</subfield>
    <subfield code="c">CR</subfield>
    <subfield code="d">2013-03-07</subfield>
    <subfield code="g">0.00</subfield>
    <subfield code="l">80</subfield>
    <subfield code="m">6</subfield>
    <subfield code="o">616.0757 53 MOL</subfield>
    <subfield code="p">2758</subfield>
    <subfield code="r">2026-04-27</subfield>
    <subfield code="s">2026-04-13</subfield>
    <subfield code="t">ej.13</subfield>
    <subfield code="w">2013-03-07</subfield>
    <subfield code="y">BK</subfield>
    <subfield code="z">COMPRA PRESUPUESTO UNC, MARZO 2013</subfield>
  </datafield>
  <datafield tag="952" ind1=" " ind2=" ">
    <subfield code="0">0</subfield>
    <subfield code="1">0</subfield>
    <subfield code="2">ddc</subfield>
    <subfield code="4">0</subfield>
    <subfield code="7">0</subfield>
    <subfield code="8">NFIC</subfield>
    <subfield code="a">BFM</subfield>
    <subfield code="b">BFM</subfield>
    <subfield code="c">CR</subfield>
    <subfield code="d">2013-03-12</subfield>
    <subfield code="e">Proyecto PROMED 2do a&#xF1;o</subfield>
    <subfield code="g">200.00</subfield>
    <subfield code="l">68</subfield>
    <subfield code="m">4</subfield>
    <subfield code="o">616.0757 53 MOL</subfield>
    <subfield code="p">2808</subfield>
    <subfield code="r">2024-04-29</subfield>
    <subfield code="s">2024-04-22</subfield>
    <subfield code="t">Ej. 14</subfield>
    <subfield code="w">2013-03-12</subfield>
    <subfield code="y">BK</subfield>
    <subfield code="z">Proyecto PROMED 2do. a&#xF1;o</subfield>
  </datafield>
  <datafield tag="952" ind1=" " ind2=" ">
    <subfield code="0">0</subfield>
    <subfield code="1">0</subfield>
    <subfield code="2">ddc</subfield>
    <subfield code="4">0</subfield>
    <subfield code="7">0</subfield>
    <subfield code="8">NFIC</subfield>
    <subfield code="a">BFM</subfield>
    <subfield code="b">BFM</subfield>
    <subfield code="c">CR</subfield>
    <subfield code="d">2013-03-12</subfield>
    <subfield code="e">Proyecto PROMED 2do a&#xF1;o</subfield>
    <subfield code="g">200.00</subfield>
    <subfield code="l">50</subfield>
    <subfield code="m">4</subfield>
    <subfield code="o">616.0757 53 MOL</subfield>
    <subfield code="p">2809</subfield>
    <subfield code="r">2024-04-29</subfield>
    <subfield code="s">2024-04-22</subfield>
    <subfield code="t">Ej. 15</subfield>
    <subfield code="w">2013-03-12</subfield>
    <subfield code="y">BK</subfield>
    <subfield code="z">Proyecto PROMED 2do. a&#xF1;o</subfield>
  </datafield>
  <datafield tag="952" ind1=" " ind2=" ">
    <subfield code="0">0</subfield>
    <subfield code="1">0</subfield>
    <subfield code="2">ddc</subfield>
    <subfield code="4">0</subfield>
    <subfield code="7">0</subfield>
    <subfield code="8">NFIC</subfield>
    <subfield code="a">BFM</subfield>
    <subfield code="b">BFM</subfield>
    <subfield code="c">CR</subfield>
    <subfield code="d">2013-03-12</subfield>
    <subfield code="e">Proyecto PROMED 2do a&#xF1;o</subfield>
    <subfield code="g">200.00</subfield>
    <subfield code="l">73</subfield>
    <subfield code="m">3</subfield>
    <subfield code="o">616.0757 53 MOL</subfield>
    <subfield code="p">2810</subfield>
    <subfield code="r">2026-04-24</subfield>
    <subfield code="s">2026-04-16</subfield>
    <subfield code="t">Ej. 16</subfield>
    <subfield code="w">2013-03-12</subfield>
    <subfield code="y">BK</subfield>
    <subfield code="z">Proyecto PROMED 2do. a&#xF1;o</subfield>
  </datafield>
  <datafield tag="952" ind1=" " ind2=" ">
    <subfield code="0">0</subfield>
    <subfield code="1">0</subfield>
    <subfield code="2">ddc</subfield>
    <subfield code="4">0</subfield>
    <subfield code="7">0</subfield>
    <subfield code="8">NFIC</subfield>
    <subfield code="a">BFM</subfield>
    <subfield code="b">BFM</subfield>
    <subfield code="c">CR</subfield>
    <subfield code="d">2013-03-12</subfield>
    <subfield code="e">Proyecto PROMED 2do a&#xF1;o</subfield>
    <subfield code="g">200.00</subfield>
    <subfield code="l">78</subfield>
    <subfield code="m">5</subfield>
    <subfield code="o">616.0757 53 MOL</subfield>
    <subfield code="p">2811</subfield>
    <subfield code="r">2026-04-28</subfield>
    <subfield code="s">2026-04-14</subfield>
    <subfield code="t">Ej. 17</subfield>
    <subfield code="w">2013-03-12</subfield>
    <subfield code="y">BK</subfield>
    <subfield code="z">Proyecto PROMED 2do. a&#xF1;o</subfield>
  </datafield>
  <datafield tag="952" ind1=" " ind2=" ">
    <subfield code="0">0</subfield>
    <subfield code="1">0</subfield>
    <subfield code="2">ddc</subfield>
    <subfield code="4">0</subfield>
    <subfield code="7">0</subfield>
    <subfield code="8">NFIC</subfield>
    <subfield code="a">BFM</subfield>
    <subfield code="b">BFM</subfield>
    <subfield code="c">CR</subfield>
    <subfield code="d">2013-03-12</subfield>
    <subfield code="e">Proyecto PROMED 2do a&#xF1;o</subfield>
    <subfield code="g">200.00</subfield>
    <subfield code="l">70</subfield>
    <subfield code="m">4</subfield>
    <subfield code="o">616.0757 53 MOL</subfield>
    <subfield code="p">2812</subfield>
    <subfield code="r">2025-04-28</subfield>
    <subfield code="s">2025-04-21</subfield>
    <subfield code="t">Ej. 18</subfield>
    <subfield code="w">2013-03-12</subfield>
    <subfield code="y">BK</subfield>
    <subfield code="z">Proyecto PROMED 2do. a&#xF1;o</subfield>
  </datafield>
</record>
